| 000 | 00000nas 2200000za 4500 |
| 001 | 9.864463 |
| 003 | CaOODSP |
| 005 | 20221107161540 |
| 007 | cr ||||||||||| |
| 008 | 181108d19541959oncar p oss f000#b0eng| |
| 022 | # |y0316-3954 |
| 040 | |aCaOODSP|beng |
| 041 | |aeng|afre |
| 043 | |an-cn--- |
| 086 | 1 |aCS35-206-PDF |
| 245 | 04|aThe veneer and plywood industry |h[electronic resource] = |bL'industrie des placages et contreplaqués. |
| 246 | 11|aIndustrie des placages et contreplaqués |
| 260 | |aOttawa : |bDominion Bureau of Statistics, Forestry Section = Bureau fédéral de la statistique, Section des forêts, |c[1956]-1961. |
| 300 | |a6 v. |
| 310 | |aAnnual |
| 362 | 0 |a1954-1959. |
| 500 | |aDigitized edition from print [produced by Statistics Canada] |
| 515 | |aIssues for 1954-1957 called also v. 2, pt. 10-E-1. |
| 546 | |aText in English and French. |
| 550 | |aIssues for 1957-1959 by Industry and Merchandising Division. |
| 580 | |aContinues: The veneers and plywoods industry. |
| 580 | |aContinued by: Veneer and plywood mills. |
| 692 | 07|2gccst|aWoodworking industry |
| 710 | 1 |aCanada. |bDominion Bureau of Statistics. |bForestry Section. |
| 710 | 1 |aCanada. |bDominion Bureau of Statistics. |bIndustry and Merchandising Division. |
| 780 | 00|tThe veneers and plywoods industry |w(CaOODSP)9.864460 |
| 785 | 00|tVeneer and plywood mills |w(CaOODSP)9.864482 |
| 792 | |tThe veneer and plywood industry |efre|w(CaOODSP)9.864464 |